000 01209cam a2200301 ic4500
001 3606998
003 EG-ScBUE
005 20250317091442.0
008 730320t1973 maua f 001 0 eng d
040 _aEG-ScBUE
_beng
_erda
_cEG-ScBUE
_dEG-ScBUE
082 0 4 _222
_a530
_bWEI
100 1 _aWeidner, Richard T.,
_eauthor.
245 1 0 _aElementary classical physics /
_cRichard T. Weidner, professor of physics, Rutgers University, New Brunswick, New Jersey, Robert L. Sells, professor of physics, State University College of Arts and Sciences, Geneseo, New York.
250 _aSecond edition.
264 1 _aAtlantic Avenue, Boston :
_bAllyn and Bacon, Inc.,
_c[1973]
264 4 _cc1973
300 _a2 volumes :
_billustrations ;
_c24 cm
336 _2rdacontent
_atext
_btxt
337 _aunmediated
_2rdamedia
_bn
338 _avolume
_bnc
_2rdacarrier
500 _aIncludes index.
500 _aIncludes Appendices.
505 2 _aVolume 1. Mechanics, mechanical waves, kinetic theory, thermodynamics -- Volume 2. Electromagnetism electromagnetic wave phenomena optics.
650 7 _aPhysics.
_2BUEsh
_94340
655 _vReading book
700 1 _aSells, Robert L.,
_eauthor.
942 _2ddc
_cBB
999 _c26336
_d26308